|
|
|
|
| LEADER |
01888nam a2200493 i 4500 |
| 001 |
nkc20193082223 |
| 003 |
CZ PrNK |
| 005 |
20190520102357.0 |
| 007 |
ta |
| 008 |
190313s2018 xr a f 000 0 cze |
| 015 |
|
|
|a cnb003082223
|
| 020 |
|
|
|a 978-80-7568-122-5
|q (vázáno)
|
| 035 |
|
|
|a (OCoLC)1104142314
|
| 040 |
|
|
|a OLA001
|b cze
|d ABA001
|e rda
|
| 072 |
|
7 |
|a 351
|x Úkoly veřejné správy, správní opatření, legislativa
|2 Konspekt
|9 15
|
| 080 |
|
|
|a 351.78:004.7
|2 MRF
|
| 080 |
|
|
|a 351-022.326.5
|2 MRF
|
| 080 |
|
|
|a 004+621.39
|2 MRF
|
| 080 |
|
|
|a (048.8:082)
|2 MRF
|
| 100 |
1 |
|
|a Hrůza, Petr,
|d 1969-
|7 xx0044730
|4 aut
|
| 245 |
1 |
0 |
|a Kybernetická bezpečnost a kritická informační infrastruktura /
|c Petr Hrůza, Oldřich Luňáček, Vlastimil Malý, Lubomír Almer
|
| 250 |
|
|
|a 1. vydání
|
| 264 |
|
1 |
|a Praha :
|b Powerprint,
|c 2018
|
| 300 |
|
|
|a 89 stran :
|b ilustrace (převážně barevné) ;
|c 24 cm
|
| 336 |
|
|
|a text
|b txt
|2 rdacontent
|
| 337 |
|
|
|a bez média
|b n
|2 rdamedia
|
| 338 |
|
|
|a svazek
|b nc
|2 rdacarrier
|
| 504 |
|
|
|a Obsahuje bibliografii
|
| 650 |
0 |
7 |
|a kybernetická bezpečnost
|7 ph716242
|2 czenas
|
| 650 |
0 |
7 |
|a kritická infrastruktura
|7 ph678732
|2 czenas
|
| 650 |
0 |
7 |
|a informační a komunikační technologie
|7 ph752781
|2 czenas
|
| 650 |
0 |
9 |
|a cyber security
|2 eczenas
|
| 650 |
0 |
9 |
|a critical infrastructure
|2 eczenas
|
| 650 |
0 |
9 |
|a information and communication technology
|2 eczenas
|
| 655 |
|
7 |
|a kolektivní monografie
|7 fd501537
|2 czenas
|
| 655 |
|
9 |
|a collective monographs
|2 eczenas
|
| 700 |
1 |
|
|a Luňáček, Oldřich
|7 jo2016904292
|4 aut
|
| 700 |
1 |
|
|a Malý, Vlastimil,
|d 1964-
|7 mzk2008469214
|4 aut
|
| 700 |
1 |
|
|a Almer, Lubomír
|7 ola20191034135
|4 aut
|
| 910 |
2 |
|
|a BOA001
|b 2-1427.190
|
| 990 |
|
|
|a BK
|
| 995 |
|
|
|a 01
|
| 991 |
|
|
|b 201905
|c NOV
|
| 996 |
6 |
|
|b 2610779986
|c 2-1427.190
|l MZK
|r Sklad / do 1 hodiny
|n 7
|p p.v.
|w 001720688
|u 000010
|a 1
|e BOA001
|j MZK50
|s P
|